Mathematics explained for primary teachers/
Guardat en:
| Autor principal: | |
|---|---|
| Format: | Llibre |
| Idioma: | anglès |
| Publicat: |
Sage,
2014.
|
| Etiquetes: |
Afegir etiqueta
Sense etiquetes, Sigues el primer a etiquetar aquest registre!
|
MARC
| LEADER | 00000nam a22000007a 4500 | ||
|---|---|---|---|
| 008 | 210806b ||||| |||| 00| 0 eng d | ||
| 020 | |a ISBN: 978-1-4462-8586-2 | ||
| 100 | |a HAYLOCK Derek. | ||
| 245 | |a Mathematics explained for primary teachers/ |c Derek Haylock and Ralph Manning |g . xx, 473p.; ill. | ||
| 250 | |b 5th ed. |c / Derek Haylock and Ralph Manning | ||
| 260 | |b Sage, |c 2014. |h London: |i 692052 – Sci., |i 692053 |l QA135.6 .H33 |m 1. Mathematics – Study and Teaching (Elementary) |m I. Manning, Ralph. |m II. Title. | ||
| 500 | |a “It includes references and index” | ||
| 942 | |a ddc |c BK |e j. o, ifatola |f 06/ 08/ 2021 | ||
| 952 | |0 0 |1 0 |2 lcc |4 0 |6 QA01356 H33 |7 0 |9 2938 |a HOL |b SL |c QZ |d 2021-08-06 |l 0 |o QA135.6 .H33 |p 2021-66614 |r 2021-08-06 00:00:00 |w 2021-08-06 |y BK | ||
| 952 | |0 0 |1 0 |2 lcc |4 0 |6 QA01356 H33 |7 0 |9 2939 |a HOL |b SL |c QZ |d 2021-08-06 |l 0 |o QA135.6 .H33 |p 2021-66615 |r 2021-08-06 00:00:00 |w 2021-08-06 |y BK | ||
| 952 | |0 0 |1 0 |2 lcc |4 0 |6 QA01356 H33 |7 0 |9 2940 |a HOL |b SL |c QZ |d 2021-08-06 |l 0 |o QA135.6 .H33 |p 2021-66616 |r 2021-08-06 00:00:00 |w 2021-08-06 |y BK | ||
| 999 | |c 1489 |d 1489 | ||